000 00339nam a2200133Ia 4500
008 151001s9999||||xx |||||||||||||| ||und||
100 _a नीलाभ
245 _aशब्दौ सेनाता अटूट है
250 _a1
260 _bउपासना
260 _c2000
300 _a135
365 _b21
999 _c980654
_d980651